000
00387nam a22001337a 4500
005
20251108173048.0
008
250721s1995 xx 000 0 ara d
100
1
_a
العتوم، شفيق
245
1
0
_a
الأساليب الإحصائية /
264
1
_a
عمان :
_b
دار المناهج للنشر و التوزيع،
_c
1995.
300
_a
2ج
942
_2
ddc
_c
BK
999
_c
95184
_d
95184